Location finder perimeter intrusion detection system / (Record no. 188611)
[ view plain ]
| 000 -LEADER | |
|---|---|
| fixed length control field | 00545 a2200169 4500 |
| 003 - CONTROL NUMBER IDENTIFIER | |
| control field | NUST |
| 005 - DATE AND TIME OF LATEST TRANSACTION | |
| control field | 20251103141846.0 |
| 040 ## - CATALOGING SOURCE | |
| Transcribing agency | Nust |
| 082 ## - DEWEY DECIMAL CLASSIFICATION NUMBER | |
| Classification number | 621.382,KAS |
| 100 ## - MAIN ENTRY--PERSONAL NAME | |
| Personal name | Kashif, Capt Muhammad, (TE-43-B) |
| 9 (RLIN) | 131442 |
| 245 ## - TITLE STATEMENT | |
| Title | Location finder perimeter intrusion detection system / |
| Statement of responsibility, etc. | Capt Muhammad Kashif , Capt Usman Tariq , Capt Muahammad Waqas Cheema and Capt Zeeshan Mehmod |
| 260 ## - PUBLICATION, DISTRIBUTION, ETC. | |
| Place of publication, distribution, etc. | Rawalpindi |
| Name of publisher, distributor, etc. | MCS |
| Date of publication, distribution, etc. | June, 2010 |
| 300 ## - PHYSICAL DESCRIPTION | |
| Extent | xiii, 80 p.; |
| 650 ## - SUBJECT ADDED ENTRY--TOPICAL TERM | |
| Topical term or geographic name entry element | UG Projects |
| 9 (RLIN) | 98716 |
| 651 ## - SUBJECT ADDED ENTRY--GEOGRAPHIC NAME | |
| Geographic name | TE-43-B |
| 9 (RLIN) | 131443 |
| 942 ## - ADDED ENTRY ELEMENTS (KOHA) | |
| Koha item type | Project Report |
| Source of classification or shelving scheme | |
| Withdrawn status | Lost status | Source of classification or shelving scheme | Damaged status | Not for loan | Permanent Location | Current Location | Shelving location | Date acquired | Full call number | Barcode | Date last seen | Price effective from | Koha item type | Public note |
|---|---|---|---|---|---|---|---|---|---|---|---|---|---|---|
| Military College of Signals (MCS) | Military College of Signals (MCS) | Reference | 12/12/2016 | 621.382,KAS | MCSPTE-177 | 12/08/2016 | 12/12/2016 | Project Report | Almirah No.90, Shelf No.3 |
